00345nam a2200133Ia 4500008004100000041001200041082001600053100001600069245005500085260003500140300000800175650000800183700002000191221030s9999 xx 000 0 und d aEnglish a105.23bRod aM. S. Roden 0aElectronic Designcby M. S. Roden, G. L. Carpenter bA.I.T.B.S PubaNew Delhic2002 a979 aECE aG. L. Carpenter